000 00811nam a22002177a 4500
999 _c15755
_d15755
003 AR-CdUCM
008 190429b ||||| |||| 00| 0 spa d
040 _aMUNICIPALIDAD PROVINCIAL DEL CUSCO
_cBIBLIOTECA MUNICIPAL DEL CUSCO
082 _aC / 376.513 /
_bU42
110 _aUniversidad nacional de San Antonio Abad del Cusco
_915942
245 _aRevista de la facultad de ciencias económicas y comerciales /
260 _aCusco :
_bH. G. Rozas,
_c1966.
300 _a424 páginas :
_c22 cm.
440 _aNumero
_n3
_934953
505 _aContenido : Algunas sugerencias para la universidad del Cusco -- Algunas características generales de la economía peruana ...
650 _aCusco
_9772
650 _aHistoria
_9136
650 _aPasajes
_932118
942 _2ddc
_cLIBROS
945 _arah
_d29/04/2019